000 00841nas a2200289 4500
001 BR0707901
003 BR-BrBNA
005 20231205111403.0
007 ta
008 230509b bl.|||p| |||| 00| 00por d
040 _aBR-BrBNA
_bpor
_cBiblioteca Nacional de Agricultura
041 _a(Pt)
072 _aL01
100 1 _aSilva, R.M.B. da
100 1 _aSilva, E.C.A. da
100 1 _aMoreti, A.C.C.C. de
100 1 _aAlves, M.L.T.M.F.
245 1 _aPeríodos de fluxo nectarífero na região de Pindamonhangaba, SP. 2.Calendário apícola
650 _aABELHA
650 _aMANEJO
650 _aCOLMÉIA
650 _aNÉCTAR
650 _aSÃO PAULO
773 0 _tZootecnia (Brazil)
_xISSN 0044-5320
_g(Oct-Dec 1995), v. 33(4) p. 137-142
_wBR0707901
909 _a202311
_bLúcia
_c55
_dLúcia Elande
942 _2AGRIS
_n0
_cANA
999 _c192420
_d192420